000 00737nam a2200241 i 4500
001 bg
100 1 _aZBYSIŃSKI, Piotr
245 1 0 _aUkłady programawalne ; pierwsze kroki /
_cPiotr Zbysiński, Jerzy Pasierbiński.
250 _aWyd. 2 zm. i popr.
260 _aWarszawa :
_b"BTC",
_c2004.
300 _a278 s. :
_bil. ;
_c25 cm +
_eCD ROM.
504 _aIndeks.
650 9 _aUkłady cyfrowe
_xoprogramowanie
655 _aPodręczniki
020 _a8391006700
040 _cBPK
041 0 _apol
080 _a621.3.049.77+621.382:004.42](07)
920 _a83-910067-0-0
942 _cKS
008 s pl f |000 0 pol
999 _c44479
_d44479
856 _uhttp://koha.tu.koszalin.pl/cgi-bin/koha/opac-detail.pl?biblionumber=44479
_yKatalog online BPK